LEADER 00893nam0-22002771i-450- 001 990000999900403321 035 $a000099990 035 $aFED01000099990 035 $a(Aleph)000099990FED01 035 $a000099990 100 $a20000920d1971----km-y0itay50------ba 101 0 $aeng 200 1 $aAl-Bitruji$eOn the Principles of Astronomy$eAn edition of the Arabic and Hebrew Version with Translation, Analysis, and an Arabic-Hebrew-English Glossary$fby Bernard R. Goldstein 210 $aNew Haven$cYale University Press$d1971 300 $aVol. 2: The Arabic and Hebrew Version. 610 0 $aStoria dell'astronomia 676 $a509 700 1$aGoldstein,$bBernard R.$047261 801 0$aIT$bUNINA$gRICA$2UNIMARC 901 $aBK 912 $a990000999900403321 952 $a6C-049.001$b8410$fFI1 959 $aFI1 996 $aAl-Bitruji$9354274 997 $aUNINA DB $aING01 LEADER 00803nam0-2200265 --450 001 9910770199003321 005 20240109133159.0 010 $a978-88-15-26085-7 100 $a20240109d2017----kmuy0itay5050 ba 101 0 $aita 102 $aIT 105 $a 001yy 200 1 $aAlessandro Manzoni Ğavvocatoğ$ela causa contro Le Monnier e le origini del diritto d'autore in Italia$fLaura Moscati 210 $aBologna$cIl Mulino$dc2017 215 $a458 p.$d22 cm 225 1 $aStoria dell'avvocatura in Italia 676 $a346.450482$v23$zita 700 1$aMoscati,$bLaura$0261383 801 0$aIT$bUNINA$gREICAT$2UNIMARC 901 $aBK 912 $a9910770199003321 952 $aV E 373$b2022/738$fFGBC 959 $aFGBC 996 $aAlessandro Manzoni avvocato$91475590 997 $aUNINA